| 000 | 00000nam 2200000za 4500 |
| 001 | 9.816969 |
| 003 | CaOODSP |
| 005 | 20221107142352 |
| 007 | cr ||||||||||| |
| 008 | 160505s2013 xxc |o f|0| 0 eng d |
| 040 | |aCaOODSP|beng |
| 043 | |an-cn--- |
| 086 | 1 |aPE2-10/2013E-PDF |
| 110 | 1 |aCanada.|bPublic Servants Disclosure Protection Tribunal Canada. |
| 245 | 12|aA comparison of disclosure regimes in Canada |h[electronic resource]. |
| 260 | |a[Ottawa] : |bPublic Servants Disclosure Protection Tribunal Canada, |c2013. |
| 300 | |a12 p. : |btables. |
| 500 | |aOctober 2013. |
| 500 | |aIssued also in French under title: Une comparaison des régimes de divulgation au Canada. |
| 692 | 07|2gccst|aPublic service |
| 775 | 08|tUne comparaison des régimes de divulgation au Canada |w(CaOODSP)9.816973 |
| 856 | 40|qPDF|s548 KB|uhttps://publications.gc.ca/collections/collection_2016/tpfdc-psdptc/PE2-10-2013-eng.pdf |